[Event "LiSB-ch"]
[Site "Stein"]
[Date "2002.11.30"]
[Round "1"]
[White "Leentjens, Gilbert"]
[Black "Scheeren, Fred"]
[Result "1/2-1/2"]
[WhiteElo "1781"]
[BlackElo "1941"]
[PlyCount "83"]
[EventDate "2002.11.30"]
[EventType "swiss"]
[EventRounds "7"]
[EventCountry "NED"]
[Source "P.Boonen"]
[SourceDate "2012.01.01"]

1. e4 c5 2. Nc3 Nc6 3. f4 e6 4. Nf3 d5 5. exd5 exd5 6. Bb5 a6 7. Bxc6+ bxc6 8.
O-O Nf6 9. Ne5 c4 10. Kh1 Qc7 11. Qe2 Be7 12. b3 cxb3 13. axb3 O-O 14. Bb2 Re8
15. Qf3 Bd6 16. Ne2 Bd7 17. Qg3 Ne4 18. Qe3 f6 19. Nxd7 Qxd7 20. Ng3 Bc5 21. d4
Bb4 22. Nxe4 Rxe4 23. Qd3 Bd6 24. g3 Qe8 25. Rxa6 Rxa6 26. Qxa6 Re2 27. Qd3 Qh5
28. h4 Qg4 29. Kg1 Kf7 30. Bc1 f5 31. c4 Bb4 32. cxd5 cxd5 33. Qf3 Qxf3 34.
Rxf3 Rc2 35. Be3 Rc3 36. Kg2 Rxb3 37. Bf2 Rb2 38. Kh3 h5 39. Kg2 g6 40. Rd3 Bd6
41. Kf3 Bc7 42. Rd1 1/2-1/2

[Event "LiSB-ch"]
[Site "Stein"]
[Date "2002.11.30"]
[Round "1"]
[White "Simenon, Jozef"]
[Black "Metsemakers, Peter"]
[Result "1-0"]
[WhiteElo "1960"]
[BlackElo "1818"]
[PlyCount "133"]
[EventDate "2002.11.30"]
[EventType "swiss"]
[EventRounds "7"]
[EventCountry "NED"]
[Source "P.Boonen"]
[SourceDate "2012.01.01"]

1. c4 Nf6 2. Nc3 e6 3. e4 d6 4. g3 c5 5. Bg2 e5 6. Nge2 Be6 7. d3 Qd7 8. h3 h5
9. Be3 Nc6 10. Qd2 Nd4 11. f4 g6 12. Nd5 Bg7 13. Rb1 O-O 14. fxe5 dxe5 15. Nxd4
cxd4 16. Bh6 Nh7 17. g4 h4 18. O-O Qd8 19. Rf2 Bxd5 20. exd5 Bxh6 21. Qxh6 Qg5
22. Qxg5 Nxg5 23. Rbf1 Rad8 24. Kh2 Rd7 25. b4 b6 26. a4 Rc8 27. Rf6 e4 28. Rc6
Rxc6 29. dxc6 Rc7 30. b5 exd3 31. Rd1 Ne6 32. Rxd3 Kf8 33. Bd5 Nc5 34. Rxd4
Nxa4 35. Rf4 Nc5 36. Bxf7 g5 37. Rf5 a6 38. Bd5+ Ke8 39. bxa6 Nxa6 40. Rxg5 Nb4
41. Rg8+ Ke7 42. Rb8 Nxc6 43. Rxb6 Na5 44. Rh6 Kf8 45. Rxh4 Nxc4 46. Bxc4 Rxc4
47. Rh7 Rc3 48. h4 Kg8 49. Rd7 Kh8 50. Rf7 Kg8 51. Rf4 Kg7 52. Kg2 Kg6 53. Rf3
Rc2+ 54. Kg3 Rc4 55. h5+ Kg5 56. Rf5+ Kh6 57. Kh4 Rb4 58. Rf6+ Kg7 59. Rg6+ Kh7
60. Re6 Kg7 61. h6+ Kh7 62. Kh5 Rb5+ 63. g5 Rb8 64. g6+ Kg8 65. h7+ Kg7 66.
Re7+ Kh8 67. Kh6 1-0

[Event "LiSB-ch"]
[Site "Stein"]
[Date "2002.11.30"]
[Round "1"]
[White "Van Gool, Henk"]
[Black "Van Alphen, Raimund"]
[Result "1/2-1/2"]
[WhiteElo "2167"]
[BlackElo "1841"]
[PlyCount "107"]
[EventDate "2002.11.30"]
[EventType "swiss"]
[EventRounds "7"]
[EventCountry "NED"]
[Source "P.Boonen"]
[SourceDate "2012.01.01"]

1. e4 c5 2. Nf3 d6 3. d4 cxd4 4. Nxd4 Nf6 5. Nc3 a6 6. Be2 e6 7. Be3 Be7 8. O-O
Bd7 9. a4 Nc6 10. f4 Qc7 11. Nb3 b6 12. Bf3 Rb8 13. Qe2 Bc8 14. Qc4 Bb7 15. Nd4
Rc8 16. Nxc6 Nd7 17. Nd5 Qxc6 18. Qxc6 Rxc6 19. Nxe7 Kxe7 20. Rf2 Rhc8 21. e5
R6c7 22. exd6+ Kxd6 23. Bxb7 Rxb7 24. Bd4 g6 25. g4 Rc4 26. Rd1 Ke7 27. b3 Rc6
28. Re1 Rbc7 29. c4 Nc5 30. Re3 Rd7 31. Bb2 Kd8 32. Ba3 Rd1+ 33. Rf1 Rxf1+ 34.
Kxf1 Kc7 35. Ke2 a5 36. Kd2 Rd6+ 37. Kc2 Rd4 38. Rf3 Re4 39. Bxc5 bxc5 40. Kd3
Rd4+ 41. Ke3 Rd8 42. Rh3 Rh8 43. g5 Kd6 44. Ke4 Ke7 45. Ke5 Rb8 46. Rxh7 Rxb3
47. f5 exf5 48. Kd5 Rb4 49. Kxc5 Rxa4 50. Rh4 Ra1 51. Rf4 a4 52. h4 a3 53. Kb4
a2 54. Ka3 1/2-1/2

[Event "LiSB-ch"]
[Site "Stein"]
[Date "2002.11.30"]
[Round "1"]
[White "Van Haren, Marcel"]
[Black "Seip, Rien"]
[Result "1/2-1/2"]
[WhiteElo "1704"]
[BlackElo "1857"]
[PlyCount "81"]
[EventDate "2002.11.30"]
[EventType "swiss"]
[EventRounds "7"]
[EventCountry "NED"]
[Source "P.Boonen"]
[SourceDate "2012.01.01"]

1. e4 e6 2. d3 d5 3. Nd2 Nf6 4. Ngf3 Nc6 5. g3 dxe4 6. dxe4 Bc5 7. Bg2 O-O 8.
O-O e5 9. Qe2 Qe7 10. c3 a5 11. Nc4 Re8 12. Bg5 h6 13. Bxf6 Qxf6 14. Ne3 Ne7
15. Qb5 Qc6 16. Qxc6 Nxc6 17. Nd5 Bd6 18. Nd2 Be6 19. Nc4 Bxd5 20. Nxd6 cxd6
21. exd5 Nb8 22. c4 Nd7 23. b3 f5 24. a3 Kf7 25. Rfc1 Rec8 26. Rab1 Rc7 27. b4
axb4 28. axb4 Rac8 29. Bf1 Nb6 30. c5 Kf6 31. Rd1 dxc5 32. bxc5 Nd7 33. c6 bxc6
34. dxc6 Nc5 35. Bb5 Ne6 36. Rd6 Rd8 37. Rxd8 Nxd8 38. Rd1 Ke7 39. Rd5 Nxc6 40.
Bxc6 Rxc6 41. Rxe5+ 1/2-1/2

[Event "LiSB-ch"]
[Site "Stein"]
[Date "2002.11.30"]
[Round "1"]
[White "Van Mulekom, Hans"]
[Black "Driessens, Patrick"]
[Result "0-1"]
[WhiteElo "1853"]
[BlackElo "2229"]
[PlyCount "70"]
[EventDate "2002.11.30"]
[EventType "swiss"]
[EventRounds "7"]
[EventCountry "NED"]
[Source "P.Boonen"]
[SourceDate "2012.01.01"]

1. e4 d6 2. d4 Nf6 3. Nc3 c6 4. f3 Nbd7 5. Be3 e5 6. Bc4 b5 7. Bb3 Bb7 8. d5
Nb6 9. dxc6 Bxc6 10. Qd3 b4 11. Nd5 Nbxd5 12. Bxd5 Nxd5 13. exd5 Bd7 14. Ne2
Be7 15. O-O f5 16. c4 bxc3 17. Nxc3 O-O 18. f4 e4 19. Qd2 Qc7 20. Rac1 Qb7 21.
Rc2 Rfc8 22. Rfc1 a6 23. a3 Bf6 24. Bd4 Bxd4+ 25. Qxd4 Rc5 26. Rd1 Rac8 27.
Rcd2 Qc7 28. Rc2 Rc4 29. Qe3 Ba4 30. Rcd2 Bxd1 31. Rxd1 Rb8 32. Qd2 Qb6+ 33.
Kh1 Qxb2 34. Qe3 Rxc3 35. Qa7 Qb7 0-1

[Event "LiSB-ch"]
[Site "Stein"]
[Date "2002.11.30"]
[Round "2"]
[White "Driessens, Patrick"]
[Black "Miesen, Fabian"]
[Result "1-0"]
[WhiteElo "2229"]
[BlackElo "1669"]
[PlyCount "65"]
[EventDate "2002.11.30"]
[EventType "swiss"]
[EventRounds "7"]
[EventCountry "NED"]
[Source "P.Boonen"]
[SourceDate "2012.01.01"]

1. d4 Nf6 2. c4 e6 3. Nf3 d5 4. Nc3 c6 5. e3 Nbd7 6. Bd3 dxc4 7. Bxc4 b5 8. Bd3
Bb7 9. e4 Rc8 10. e5 Nd5 11. Nxd5 cxd5 12. O-O a6 13. Ng5 Be7 14. Nh3 h5 15.
Nf4 Bg5 16. Nxe6 fxe6 17. Bg6+ Kf8 18. Qf3+ Bf6 19. Bd2 Rc4 20. Be3 Qe7 21. b3
Rc3 22. Rac1 b4 23. Rxc3 bxc3 24. Rc1 Qb4 25. exf6 gxf6 26. Bxh5 Rg8 27. Qh3
Ke7 28. Bg4 Nf8 29. f4 c2 30. Qf3 Qc3 31. Qe2 Qa5 32. Qxc2 Nd7 33. Qh7+ 1-0

[Event "LiSB-ch"]
[Site "Stein"]
[Date "2002.11.30"]
[Round "2"]
[White "Frenken, Marcel"]
[Black "Simenon, Jozef"]
[Result "1/2-1/2"]
[WhiteElo "2038"]
[BlackElo "1960"]
[PlyCount "40"]
[EventDate "2002.11.30"]
[EventType "swiss"]
[EventRounds "7"]
[EventCountry "NED"]
[Source "P.Boonen"]
[SourceDate "2012.01.01"]

1. e4 c5 2. Nf3 d6 3. d4 cxd4 4. Nxd4 Nf6 5. Nc3 g6 6. Be2 Bg7 7. O-O O-O 8.
Be3 Nc6 9. Kh1 Bd7 10. f4 Nxd4 11. Bxd4 Bc6 12. Bf3 Qc7 13. e5 dxe5 14. Bxe5
Qb6 15. Bxc6 Qxc6 16. Qe2 Rfd8 17. Rad1 a6 18. h3 b5 19. Rxd8+ Rxd8 20. Rd1
Rxd1+ 1/2-1/2

[Event "LiSB-ch"]
[Site "Stein"]
[Date "2002.11.30"]
[Round "2"]
[White "Lafleur, John"]
[Black "Van Gool, Henk"]
[Result "1/2-1/2"]
[WhiteElo "1770"]
[BlackElo "2167"]
[PlyCount "82"]
[EventDate "2002.11.30"]
[EventType "swiss"]
[EventRounds "7"]
[EventCountry "NED"]
[Source "P.Boonen"]
[SourceDate "2012.01.01"]

1. d4 Nf6 2. Nf3 b6 3. c4 e6 4. a3 Ba6 5. e3 Be7 6. Bd3 d5 7. cxd5 Bxd3 8. Qxd3
exd5 9. Nc3 O-O 10. O-O Re8 11. b4 c6 12. Bb2 Bd6 13. b5 Qd7 14. a4 a6 15. Rfc1
h6 16. h3 axb5 17. axb5 Ra5 18. Rxa5 bxa5 19. bxc6 Nxc6 20. Na4 Nb4 21. Qd1 Ne4
22. Nc5 Qb5 23. Nxe4 dxe4 24. Ne1 Na2 25. Rc2 Qb3 26. Qg4 Qb4 27. Kf1 Qb5+ 28.
Kg1 h5 29. Qd1 Nb4 30. Rd2 g6 31. d5 Qb8 32. Bf6 Be5 33. Bxe5 Rxe5 34. d6 Qd8
35. Qc1 Kg7 36. Qc3 f6 37. d7 Kf7 38. Qc4+ Ke7 39. Nc2 Nxc2 40. Qxc2 h4 41. Rd4
Kf7 1/2-1/2

[Event "LiSB-ch"]
[Site "Stein"]
[Date "2002.11.30"]
[Round "2"]
[White "Metsemakers, Peter"]
[Black "Van Haren, Marcel"]
[Result "1/2-1/2"]
[WhiteElo "1818"]
[BlackElo "1704"]
[PlyCount "76"]
[EventDate "2002.11.30"]
[EventType "swiss"]
[EventRounds "7"]
[EventCountry "NED"]
[Source "P.Boonen"]
[SourceDate "2012.01.01"]

1. e4 e5 2. Nf3 Nc6 3. Bb5 a6 4. Ba4 Nf6 5. d4 exd4 6. O-O b5 7. Bb3 d5 8. e5
Ne4 9. Nxd4 Nxd4 10. Qxd4 Be6 11. c3 Bc5 12. Qd3 O-O 13. Be3 Bxe3 14. Qxe3 Qe7
15. Bc2 Nc5 16. f4 Nb7 17. b4 f5 18. Nd2 c5 19. a3 Rac8 20. Bb3 Rfd8 21. Nf3 h6
22. Rfd1 a5 23. Qd2 Qc7 24. Rac1 Qb6 25. Kh1 Rc7 26. h3 Kf7 27. Rg1 Rcd7 28. g4
d4 29. gxf5 Bxb3 30. e6+ Bxe6 31. fxe6+ Qxe6 32. Ne5+ Kg8 33. Nxd7 Qxh3+ 34.
Qh2 Qf3+ 35. Qg2 Qh5+ 36. Qh2 Qf3+ 37. Qg2 Qh5+ 38. Qh2 Qf3+ 1/2-1/2

[Event "LiSB-ch"]
[Site "Stein"]
[Date "2002.11.30"]
[Round "2"]
[White "Scheeren, Fred"]
[Black "Graff, Marcel"]
[Result "1-0"]
[WhiteElo "1941"]
[BlackElo "1824"]
[PlyCount "55"]
[EventDate "2002.11.30"]
[EventType "swiss"]
[EventRounds "7"]
[EventCountry "NED"]
[Source "P.Boonen"]
[SourceDate "2012.01.01"]

1. e4 d6 2. d4 g6 3. Nf3 Bg7 4. Bc4 c6 5. Qe2 d5 6. exd5 cxd5 7. Bb5+ Nc6 8. c3
Bd7 9. Bf4 Nf6 10. Nbd2 O-O 11. h3 Bf5 12. Bd3 Bxd3 13. Qxd3 Nh5 14. Bh2 Re8
15. O-O e5 16. dxe5 Nxe5 17. Nxe5 Bxe5 18. Bxe5 Rxe5 19. Nf3 Nf4 20. Qd2 Rf5
21. Qe3 Qf6 22. Kh2 Qd6 23. g3 Nh5 24. Rfe1 Qf6 25. Kg2 Ng7 26. Nd4 Rg5 27. Qe7
Qf4 28. Nf3 1-0

[Event "LiSB-ch"]
[Site "Stein"]
[Date "2002.11.30"]
[Round "2"]
[White "Seip, Rien"]
[Black "Leentjens, Gilbert"]
[Result "1-0"]
[WhiteElo "1857"]
[BlackElo "1781"]
[PlyCount "51"]
[EventDate "2002.11.30"]
[EventType "swiss"]
[EventRounds "7"]
[EventCountry "NED"]
[Source "P.Boonen"]
[SourceDate "2012.01.01"]

1. d4 d5 2. c4 e6 3. Nc3 c6 4. Nf3 Nf6 5. e3 Nbd7 6. Bd3 dxc4 7. Bxc4 b5 8. Bd3
Bb7 9. e4 b4 10. Na4 c5 11. e5 Nd5 12. Nxc5 Bxc5 13. dxc5 Qa5 14. O-O Nxc5 15.
Bc2 Rd8 16. Qd4 h6 17. Qg4 Ne7 18. Be3 Nd3 19. Rfd1 Bxf3 20. Qxf3 Nxe5 21.
Rxd8+ Qxd8 22. Ba4+ Nd7 23. Qb7 Nd5 24. Rc1 Ke7 25. Bc5+ Ke8 26. Bd6 1-0

[Event "LiSB-ch"]
[Site "Stein"]
[Date "2002.11.30"]
[Round "2"]
[White "Van Alphen, Raimund"]
[Black "Bischoff, Gerard"]
[Result "0-1"]
[WhiteElo "1841"]
[BlackElo "1895"]
[PlyCount "61"]
[EventDate "2002.11.30"]
[EventType "swiss"]
[EventRounds "7"]
[EventCountry "NED"]
[Source "P.Boonen"]
[SourceDate "2012.01.01"]

1. e4 e5 2. Nf3 Nc6 3. Bb5 a6 4. Ba4 Nf6 5. O-O d6 6. Re1 Bg4 7. c3 b5 8. Bc2
Be7 9. b3 O-O 10. Bb2 Re8 11. d4 Bf8 12. d5 Ne7 13. Qd3 Nh5 14. Nbd2 Nf4 15.
Qf1 Qd7 16. Kh1 f5 17. h3 Bxf3 18. Nxf3 Rac8 19. Rad1 h6 20. Nh4 fxe4 21. Bxe4
g5 22. Nf3 Bg7 23. Bc1 Rf8 24. Ng1 Nf5 25. Bxf4 exf4 26. Bxf5 Qxf5 27. Qd3 Qxd3
28. Rxd3 Rce8 29. Red1 Re7 30. Nf3 Re2 31. R1d2 0-1

[Event "LiSB-ch"]
[Site "Stein"]
[Date "2002.12.01"]
[Round "3"]
[White "Bischoff, Gerard"]
[Black "Scheeren, Fred"]
[Result "1-0"]
[WhiteElo "1895"]
[BlackElo "1941"]
[PlyCount "120"]
[EventDate "2002.11.30"]
[EventType "swiss"]
[EventRounds "7"]
[EventCountry "NED"]
[Source "P.Boonen"]
[SourceDate "2012.01.01"]

1. d4 d5 2. c4 e6 3. Nf3 Nf6 4. Bg5 Be7 5. Nc3 O-O 6. e3 Ne4 7. Nxe4 dxe4 8.
Bxe7 Qxe7 9. Nd2 e5 10. dxe5 Qxe5 11. Qc2 Bf5 12. Be2 Nc6 13. a3 Rfe8 14. c5 a6
15. Bc4 Be6 16. Bxe6 Qxe6 17. Qc4 Rad8 18. Qxe6 Rxe6 19. Rd1 f5 20. Ke2 Re5 21.
b4 Red5 22. Nb1 Kf7 23. Nc3 Rd3 24. Rxd3 Rxd3 25. Rc1 Ne5 26. f3 Ke7 27. fxe4
fxe4 28. h3 Nc4 29. Nd5+ Rxd5 30. Rxc4 Re5 31. Rd4 Re6 32. Kd2 h5 33. Kc3 b6
34. cxb6 cxb6 35. g4 hxg4 36. hxg4 Re5 37. Rc4 Kd6 38. Rd4+ Kc6 39. a4 g6 40.
Kc4 b5+ 41. axb5+ axb5+ 42. Kc3 Re8 43. Kd2 Re7 44. Ke2 Re8 45. Kf2 Rf8+ 46.
Kg2 Re8 47. Kg3 g5 48. Kf2 Re7 49. Ke2 Re6 50. Rd8 Re5 51. Rd4 Re7 52. Kd2 Re6
53. Kc3 Re8 54. Kb3 Re5 55. Kc2 Re6 56. Rd8 Rd6 57. Re8 Kd5 58. Rg8 Kc4 59. Re8
Kxb4 60. Rxe4+ Ka3 1-0

[Event "LiSB-ch"]
[Site "Stein"]
[Date "2002.12.01"]
[Round "3"]
[White "Graff, Marcel"]
[Black "Lafleur, John"]
[Result "1/2-1/2"]
[WhiteElo "1824"]
[BlackElo "1770"]
[PlyCount "55"]
[EventDate "2002.11.30"]
[EventType "swiss"]
[EventRounds "7"]
[EventCountry "NED"]
[Source "P.Boonen"]
[SourceDate "2012.01.01"]

1. d4 d5 2. Nf3 Nf6 3. e3 Bf5 4. Bd3 Bg6 5. c4 e6 6. Bxg6 hxg6 7. Nc3 c6 8. Qb3
Qb6 9. Qxb6 axb6 10. cxd5 exd5 11. O-O Bd6 12. h3 O-O 13. Ng5 Re8 14. Re1 Bb4
15. Bd2 Nbd7 16. a3 Bxc3 17. Bxc3 Ne4 18. Nf3 Nxc3 19. bxc3 Ra4 20. Reb1 Rea8
21. Rb3 b5 22. Ne1 Nb6 23. Nc2 Nc4 24. f3 f5 25. Kf2 Kf7 26. Ke2 g5 27. Kd3 g6
28. Ra2 1/2-1/2

[Event "LiSB-ch"]
[Site "Stein"]
[Date "2002.12.01"]
[Round "3"]
[White "Leentjens, Gilbert"]
[Black "Van Alphen, Raimund"]
[Result "0-1"]
[WhiteElo "1781"]
[BlackElo "1841"]
[PlyCount "54"]
[EventDate "2002.11.30"]
[EventType "swiss"]
[EventRounds "7"]
[EventCountry "NED"]
[Source "P.Boonen"]
[SourceDate "2012.01.01"]

1. e4 c5 2. Nf3 d6 3. d4 cxd4 4. Nxd4 Nf6 5. Nc3 a6 6. Bc4 e6 7. Bb3 Be7 8. O-O
Qc7 9. f4 Nc6 10. Be3 Bd7 11. Qf3 Rc8 12. Qg3 Nh5 13. Qg4 g6 14. f5 Nf6 15. Qg3
gxf5 16. exf5 Rg8 17. Qh4 Nxd4 18. fxe6 Nxe6 19. Rxf6 Bxf6 20. Qxf6 Bc6 21. Bd5
Qe7 22. Qf5 Rd8 23. Re1 Qh4 24. Bf2 Qe7 25. Bxc6+ bxc6 26. Ne4 Rg6 27. Bg3 Kf8
0-1

[Event "LiSB-ch"]
[Site "Stein"]
[Date "2002.12.01"]
[Round "3"]
[White "Miesen, Fabian"]
[Black "Van Mulekom, Hans"]
[Result "1-0"]
[WhiteElo "1669"]
[BlackElo "1853"]
[PlyCount "55"]
[EventDate "2002.11.30"]
[EventType "swiss"]
[EventRounds "7"]
[EventCountry "NED"]
[Source "P.Boonen"]
[SourceDate "2012.01.01"]

1. Nc3 e5 2. Nf3 Nc6 3. d4 exd4 4. Nxd4 Bc5 5. Nf5 Qf6 6. e4 Nge7 7. Ne3 d6 8.
Bd3 Ne5 9. O-O c6 10. Kh1 g5 11. f4 gxf4 12. Nf5 Bxf5 13. Rxf4 Rg8 14. exf5
O-O-O 15. Qe2 d5 16. Rf1 Rg7 17. Bf4 Bd6 18. Rae1 Nxd3 19. Bxd6 Nxe1 20. Bxe7
Qh6 21. Qxe1 Rdg8 22. Rg1 Rg3 23. Qf2 f6 24. Qxa7 R3g5 25. Bd6 Qg7 26. Qb8+ Kd7
27. Qc7+ Ke8 28. Re1+ 1-0

[Event "LiSB-ch"]
[Site "Stein"]
[Date "2002.12.01"]
[Round "3"]
[White "Simenon, Jozef"]
[Black "Driessens, Patrick"]
[Result "0-1"]
[WhiteElo "1960"]
[BlackElo "2229"]
[PlyCount "40"]
[EventDate "2002.11.30"]
[EventType "swiss"]
[EventRounds "7"]
[EventCountry "NED"]
[Source "P.Boonen"]
[SourceDate "2012.01.01"]

1. c4 e5 2. Nc3 Bb4 3. g3 Bxc3 4. bxc3 d6 5. Bg2 f5 6. d3 Nf6 7. Nf3 Nc6 8. Rb1
O-O 9. O-O Qe8 10. e3 e4 11. Nd4 Ne5 12. dxe4 fxe4 13. Qb3 c5 14. Nb5 Qh5 15.
Nxd6 Nf3+ 16. Bxf3 exf3 17. Qd1 Rd8 18. h4 Qg4 19. Ba3 Rxd6 20. Qxd6 Qh3 0-1

[Event "LiSB-ch"]
[Site "Stein"]
[Date "2002.12.01"]
[Round "3"]
[White "Van Gool, Henk"]
[Black "Seip, Rien"]
[Result "1-0"]
[WhiteElo "2167"]
[BlackElo "1857"]
[PlyCount "113"]
[EventDate "2002.11.30"]
[EventType "swiss"]
[EventRounds "7"]
[EventCountry "NED"]
[Source "P.Boonen"]
[SourceDate "2012.01.01"]

1. c4 g6 2. Nc3 Bg7 3. g3 Nf6 4. Bg2 O-O 5. d3 d6 6. e4 c5 7. Nge2 Nc6 8. h3
Ne8 9. O-O Nc7 10. f4 Ne6 11. Kh2 Ned4 12. Be3 Rb8 13. Rb1 a6 14. a3 b5 15.
cxb5 axb5 16. b4 cxb4 17. axb4 e6 18. Qd2 Bd7 19. Rfc1 f5 20. Qe1 Qe7 21. Qf2
Nxe2 22. Nxe2 Rfc8 23. exf5 exf5 24. Nd4 Nxd4 25. Bxd4 Be6 26. Re1 Re8 27. Rbc1
Qf7 28. Rc6 Bd5 29. Rcc1 Bxg2 30. Bxg7 Kxg7 31. Qd4+ Kg8 32. Kxg2 Rxe1 33. Rxe1
Re8 34. Rxe8+ Qxe8 35. Qd5+ Kg7 36. Kf3 Qe1 37. Qxd6 Qf1+ 38. Ke3 Qxh3 39. Qe7+
Kh6 40. Qg5+ Kg7 41. Kd4 Qg2 42. Qe7+ Kh6 43. Qe3 Qc6 44. Qe5 Qb6+ 45. Kd5 Qd8+
46. Qd6 Qa8+ 47. Kc5 Qa4 48. Qd7 Qc2+ 49. Kxb5 Qf2 50. Qd6 Qxg3 51. Kc6 Qf3+
52. Kc7 Kh5 53. b5 g5 54. fxg5 f4 55. b6 Qf1 56. b7 Qc1+ 57. Kd8 1-0

[Event "LiSB-ch"]
[Site "Stein"]
[Date "2002.12.01"]
[Round "3"]
[White "Van Haren, Marcel"]
[Black "Frenken, Marcel"]
[Result "1/2-1/2"]
[WhiteElo "1704"]
[BlackElo "2038"]
[PlyCount "66"]
[EventDate "2002.11.30"]
[EventType "swiss"]
[EventRounds "7"]
[EventCountry "NED"]
[Source "P.Boonen"]
[SourceDate "2012.01.01"]

1. e4 c5 2. Nf3 Nc6 3. Bb5 Qc7 4. O-O e6 5. Re1 d6 6. c3 Nf6 7. d4 cxd4 8. cxd4
a6 9. Bxc6+ bxc6 10. Bf4 Nh5 11. Be3 Nf6 12. Bf4 Qb6 13. Nc3 Qxb2 14. Na4 Qb8
15. Rb1 Qc7 16. Qc2 Nh5 17. Be3 Nf6 18. d5 c5 19. Nb6 Ra7 20. Nxc8 Qxc8 21.
dxe6 fxe6 22. e5 Nd5 23. exd6 Bxd6 24. Ng5 Ne7 25. Nxe6 Qxe6 26. Bxc5 Qh6 27.
Bxd6 Qxd6 28. Qc8+ Qd8 29. Rb8 Rd7 30. Rxe7+ Kxe7 31. Qc5+ Kf7 32. Rxd8 Rhxd8
33. g3 Rd6 1/2-1/2

[Event "LiSB-ch"]
[Site "Stein"]
[Date "2002.12.01"]
[Round "4"]
[White "Driessens, Patrick"]
[Black "Bischoff, Gerard"]
[Result "1/2-1/2"]
[WhiteElo "2229"]
[BlackElo "1895"]
[PlyCount "105"]
[EventDate "2002.11.30"]
[EventType "swiss"]
[EventRounds "7"]
[EventCountry "NED"]
[Source "P.Boonen"]
[SourceDate "2012.01.01"]

1. d4 d5 2. c4 c6 3. Nc3 Nf6 4. e3 g6 5. Nf3 Bg7 6. Be2 O-O 7. O-O Bg4 8. cxd5
cxd5 9. Qb3 b6 10. h3 Bc8 11. Bd2 Bb7 12. a4 Nc6 13. a5 Ne4 14. axb6 Nxd2 15.
Nxd2 axb6 16. Rxa8 Bxa8 17. Na4 Qd6 18. Qxb6 Rb8 19. Qa6 Qb4 20. Nf3 Na5 21.
Rc1 Bb7 22. Qb5 Bc6 23. Qxb4 Rxb4 24. Nc5 Rxb2 25. Kf1 Bf6 26. g4 h6 27. Nd3
Rb8 28. h4 e6 29. g5 hxg5 30. hxg5 Be7 31. Nfe5 Be8 32. f4 Nb3 33. Rc2 Na1 34.
Ra2 Nb3 35. Ng4 Kg7 36. Kf2 Bb5 37. Ra7 Bd6 38. Nde5 Bxe5 39. Nxe5 Be8 40. Bd1
Nd2 41. Ke1 Ne4 42. Bc2 Nd6 43. Kd2 Rb2 44. Kc1 Rb7 45. Ra6 Nc8 46. Kd2 Ra7 47.
Rxa7 Nxa7 48. Kc3 Kf8 49. Kb4 Ke7 50. Kc5 Nb5 51. Bd3 Nd6 52. Kb6 Nc8+ 53. Kc5
1/2-1/2

[Event "LiSB-ch"]
[Site "Stein"]
[Date "2002.12.01"]
[Round "4"]
[White "Frenken, Marcel"]
[Black "Van Alphen, Raimund"]
[Result "1/2-1/2"]
[WhiteElo "2038"]
[BlackElo "1841"]
[PlyCount "98"]
[EventDate "2002.11.30"]
[EventType "swiss"]
[EventRounds "7"]
[EventCountry "NED"]
[Source "P.Boonen"]
[SourceDate "2012.01.01"]

1. f4 d5 2. e3 c5 3. Nf3 Bg4 4. Be2 Bxf3 5. Bxf3 Nf6 6. c4 Nc6 7. Qb3 Qb6 8.
cxd5 Qxb3 9. axb3 Nb4 10. Ke2 Nfxd5 11. Nc3 e6 12. Nb5 a6 13. Bxd5 Nxd5 14. e4
Nxf4+ 15. Kf3 O-O-O 16. Na7+ Kc7 17. Kxf4 Be7 18. d4 Kb6 19. Be3 cxd4 20. Nc8+
Rxc8 21. Bxd4+ Bc5 22. Bc3 f6 23. Rad1 e5+ 24. Kf5 Rc6 25. Rd7 g6+ 26. Kg4 Rd6
27. Ba5+ Ka7 28. Rxd6 Bxd6 29. Rd1 Bc5 30. Rd7 h5+ 31. Kf3 Rf8 32. Bc3 Bb6 33.
Rg7 g5 34. Rh7 Rd8 35. Rxh5 Rd3+ 36. Kg4 Bd4 37. Rh3 Rd1 38. Rf3 Rg1 39. g3 Rg2
40. h3 Re2 41. Kf5 b5 42. Kxf6 g4 43. hxg4 Rxe4 44. g5 b4 45. Bxd4+ exd4 46. g6
Re3 47. Rf1 Rxg3 48. Kf7 Kb6 49. g7 d3 1/2-1/2

[Event "LiSB-ch"]
[Site "Stein"]
[Date "2002.12.01"]
[Round "4"]
[White "Lafleur, John"]
[Black "Simenon, Jozef"]
[Result "1/2-1/2"]
[WhiteElo "1770"]
[BlackElo "1960"]
[PlyCount "66"]
[EventDate "2002.11.30"]
[EventType "swiss"]
[EventRounds "7"]
[EventCountry "NED"]
[Source "P.Boonen"]
[SourceDate "2012.01.01"]

1. d4 Nf6 2. Nf3 g6 3. b3 Bg7 4. Bb2 d5 5. e3 O-O 6. Bd3 c5 7. O-O cxd4 8. exd4
Nc6 9. a3 Bg4 10. Nbd2 Nd7 11. h3 Bxf3 12. Nxf3 Qb6 13. Re1 e6 14. Bf1 Rac8 15.
Qd2 Rfd8 16. Rad1 Nf6 17. Bd3 Ne8 18. Qe3 Nd6 19. Re2 Nb5 20. Bxb5 Qxb5 21. Rd3
Ne7 22. Qd2 Nf5 23. g3 Nd6 24. Kg2 Ne4 25. Qe3 Nd6 26. h4 Qd7 27. Ne5 Bxe5 28.
Qxe5 Nf5 29. Bc1 Qd6 30. Qf6 Qe7 31. Qe5 Qc7 32. Qf6 Qe7 33. Qe5 Qd6 1/2-1/2

[Event "LiSB-ch"]
[Site "Stein"]
[Date "2002.12.01"]
[Round "4"]
[White "Miesen, Fabian"]
[Black "Van Gool, Henk"]
[Result "0-1"]
[WhiteElo "1669"]
[BlackElo "2167"]
[PlyCount "96"]
[EventDate "2002.11.30"]
[EventType "swiss"]
[EventRounds "7"]
[EventCountry "NED"]
[Source "P.Boonen"]
[SourceDate "2012.01.01"]

1. Nc3 Nf6 2. e4 e5 3. Nf3 Nc6 4. Bb5 Nd4 5. Bc4 d6 6. Ng5 Ne6 7. d3 Be7 8. O-O
O-O 9. Nxe6 Bxe6 10. Bxe6 fxe6 11. f4 exf4 12. Bxf4 e5 13. Be3 c6 14. Qe2 b5
15. a4 a6 16. Bg5 b4 17. Nd1 b3 18. c4 Nd7 19. Be3 Rxf1+ 20. Qxf1 Bg5 21. Qf5
Bxe3+ 22. Nxe3 Nc5 23. Rf1 Qd7 24. Qg5 Rf8 25. Nf5 Kh8 26. Rf3 Ne6 27. Qd2 g6
28. Nh4 Rxf3 29. Nxf3 Kg7 30. Qc3 Qa7+ 31. Kh1 Qf2 32. Qd2 Qf1+ 33. Ng1 Nf4 34.
d4 Nd3 35. h3 Nf2+ 36. Kh2 Nxe4 37. Qe3 Qf4+ 38. Qxf4 exf4 39. Ne2 Nd2 40. c5
dxc5 41. dxc5 Nc4 42. Nd4 Nxb2 43. a5 Nd3 44. Nxb3 Kf6 45. Nd4 Nb4 46. Kg1 Ke5
47. Nb3 Kd5 48. Kf2 Kc4 0-1

[Event "LiSB-ch"]
[Site "Stein"]
[Date "2002.12.01"]
[Round "4"]
[White "Scheeren, Fred"]
[Black "Van Haren, Marcel"]
[Result "1-0"]
[WhiteElo "1941"]
[BlackElo "1704"]
[PlyCount "57"]
[EventDate "2002.11.30"]
[EventType "swiss"]
[EventRounds "7"]
[EventCountry "NED"]
[Source "P.Boonen"]
[SourceDate "2012.01.01"]

1. e4 e5 2. Nf3 Nc6 3. Bb5 a6 4. Ba4 Nf6 5. O-O b5 6. Bb3 Be7 7. Re1 O-O 8. c3
d5 9. exd5 Nxd5 10. Nxe5 Nxe5 11. Rxe5 c6 12. d4 Bd6 13. Re1 Qh4 14. g3 Qh3 15.
Re4 g5 16. Qe2 Nf6 17. Nd2 Nxe4 18. Nxe4 Be7 19. Bxg5 Bxg5 20. Nxg5 Qf5 21. f4
Qg6 22. Qf2 h6 23. Nf3 Be6 24. Ne5 Qf6 25. Bxe6 Qxe6 26. f5 Qd6 27. f6 Qe6 28.
Qf4 Kh7 29. Ng4 1-0

[Event "LiSB-ch"]
[Site "Stein"]
[Date "2002.12.01"]
[Round "4"]
[White "Seip, Rien"]
[Black "Metsemakers, Peter"]
[Result "1-0"]
[WhiteElo "1857"]
[BlackElo "1818"]
[PlyCount "93"]
[EventDate "2002.11.30"]
[EventType "swiss"]
[EventRounds "7"]
[EventCountry "NED"]
[Source "P.Boonen"]
[SourceDate "2012.01.01"]

1. d4 Nf6 2. c4 e6 3. Nf3 d5 4. Nc3 Be7 5. Bg5 O-O 6. e3 h6 7. Bh4 Ne4 8. Bxe7
Qxe7 9. Rc1 Nxc3 10. Rxc3 c6 11. Bd3 dxc4 12. Rxc4 b6 13. Rc3 Bb7 14. O-O Nd7
15. Be4 Rac8 16. Qc2 Ba6 17. Rc1 c5 18. Qa4 Nf6 19. Bb1 Qb7 20. dxc5 Rxc5 21.
Rxc5 bxc5 22. Qc2 Rd8 23. h3 Qd5 24. e4 Qc4 25. Qxc4 Bxc4 26. e5 Nh5 27. Rxc4
Rd1+ 28. Kh2 Rxb1 29. g4 Rxb2 30. gxh5 Rxf2+ 31. Kg3 Rxa2 32. Rxc5 a5 33. Rc8+
Kh7 34. Rc7 Kg8 35. Rc8+ Kh7 36. Rf8 f6 37. Re8 fxe5 38. Nxe5 Ra3+ 39. Kg2 Ra2+
40. Kf1 Ra1+ 41. Ke2 Ra2+ 42. Kd1 Ra1+ 43. Kc2 Ra2+ 44. Kb1 Rh2 45. Ng6 Rh1+
46. Kc2 Rh2+ 47. Kd1 1-0